[Event "TCh-TUR 2014"]
[Site "Konya TUR"]
[Date "2014.06.28"]
[Round "7.5"]
[White "Ergene, Mertcan"]
[Black "Erdem, Mehmet Erkan"]
[Result "1-0"]
[WhiteElo "1647"]
[BlackElo "1450"]
[WhiteTeam "Karaman Belediye Spor Kulubu"]
[BlackTeam "Karsiyaka Satranc Spor Kulubu"]
[WhiteFideId "6342345"]
[BlackFideId "6360750"]
[EventDate "2014.06.23"]

1. e4 c5 2. Nf3 Nc6 3. d4 cxd4 4. c3 dxc3 5. Nxc3 g6 6. Bc4 Bg7 7. O-O Nf6 8. e5
Ng4 9. Bxf7+ Kxf7 10. Ng5+ Ke8 11. Qxg4 Nxe5 12. Qg3 d6 13. Bf4 Bf5 14. Rad1 Rc8
15. Rfe1 Qa5 16. Rd5 Rc5 17. Bxe5 Bxe5 18. Rexe5 dxe5 19. Qxe5 Rxd5 20. Nxd5 Qc5
21. Nc7+ Kd7 22. Qxc5 Rc8 23. Nge6 Bxe6 24. Nxe6 Rxc5 25. Nxc5+ Kc6 26. Nd3 Kd5
27. Kf1 Kd4 28. Ke2 e5 29. Ne1 h6 30. Nc2+ Kc4 31. Ke3 Kd5 32. f3 a5 33. Kd3 g5
34. Ne3+ Kc5 35. Ng4 Kd5 36. Nxh6 a4 37. a3 b5 38. Nf7 g4 39. Nxe5 Kxe5 40. fxg4 1-0

[Event "TCh-TUR 2014"]
[Site "Konya TUR"]
[Date "2014.06.28"]
[Round "7.5"]
[White "Celik, Akarsu Bengi"]
[Black "Aluc, Bulut Evrim"]
[Result "1-0"]
[WhiteElo "1418"]
[BlackElo "1361"]
[WhiteTeam "Karsiyaka Satranc Spor Kulubu"]
[BlackTeam "Karaman Belediye Spor Kulubu"]
[WhiteFideId "6348955"]
[BlackFideId "6364748"]
[EventDate "2014.06.23"]

1. e4 c6 2. d4 d5 3. exd5 cxd5 4. Bd3 Nf6 5. Bf4 Nc6 6. c3 Bg4 7. Qb3 Qd7 8. Nd2
e6 9. Ngf3 a6 10. O-O Be7 11. Qc2 O-O 12. Ne5 Nxe5 13. dxe5 Nh5 14. Bxh7+ Kh8
15. Be3 Qc7 16. f3 Qxe5 17. Bd4 Qg5 18. fxg4 Qxg4 19. h3 Qg5 20. Nf3 Qh6 21. Bd3
Bd6 22. Ne5 Nf4 23. Rf3 Qg5 24. Qd2 Bxe5 25. Bxe5 Qxe5 26. Qxf4 Qxf4 27. Rxf4 g6
28. Raf1 f5 29. Re1 Rae8 30. Rb4 Re7 31. Rb6 Rfe8 32. Bc2 e5 33. Rxg6 e4 34. Rf6
Re5 35. Rf7 R8e7 36. Rxe7 Rxe7 37. Bb3 Rd7 38. Rf1 e3 39. Rxf5 d4 40. cxd4 Rxd4
41. Re5 Rd3 42. Bc4 Rd1+ 43. Kh2 Re1 44. Re8+ Kg7 45. Re7+ Kf6 46. Rxb7 e2 47.
Rb6+ Kf5 48. Bd3+ Ke5 49. Kg3 Kd4 50. Bxa6 Ke3 51. Bxe2 Rxe2 52. Re6+ 1-0